新幹線全便停車駅 - Statistics

General Stats
  • This quiz has been taken 547 times
  • The average score is 46 of 49
Answer Stats
Hint Answer % Correct
東北新幹線 仙台
99%
東北新幹線 東京
99%
東海道新幹線 東京
99%
東海道新幹線 品川
99%
東海道新幹線 新横浜
99%
東海道新幹線 名古屋
99%
東海道新幹線 新大阪
99%
山陽新幹線 新大阪
99%
上越新幹線 東京
99%
北陸新幹線 東京
99%
北海道新幹線 新函館北斗
98%
北海道新幹線 新青森
98%
東北新幹線 新青森
98%
東北新幹線 盛岡
98%
東海道新幹線 京都
98%
山陽新幹線 岡山
98%
山陽新幹線 広島
98%
山陽新幹線 博多
98%
九州新幹線 博多
98%
秋田新幹線 盛岡
98%
東北新幹線 大宮
97%
山陽新幹線 新神戸
97%
九州新幹線 鹿児島中央
97%
秋田新幹線 秋田
97%
上越新幹線 上野
97%
上越新幹線 大宮
97%
北陸新幹線 上野
97%
北陸新幹線 大宮
97%
山陽新幹線 小倉
96%
山形新幹線 山形
96%
北陸新幹線 金沢
96%
九州新幹線 熊本
95%
上越新幹線 新潟
95%
西九州新幹線 長崎
95%
北陸新幹線 敦賀
94%
北陸新幹線 長野
92%
北陸新幹線 福井
91%
山形新幹線 福島
90%
山形新幹線 新庄
90%
北陸新幹線 富山
90%
秋田新幹線 大曲
87%
西九州新幹線 武雄温泉
86%
上越新幹線 長岡
84%
山形新幹線 米沢
78%
山形新幹線 さくらんぼ東根
78%
西九州新幹線 諫早
78%
山形新幹線 天童
75%
山形新幹線 大石田
67%
山形新幹線 村山
63%
No matching quizzes found
Score Distribution
Percent of People with Each Score
Percentile by Number Answered
Your Score History
You have not taken this quiz